| 000 | 006250000a22001810004500 | ||
|---|---|---|---|
| 003 | MACL | ||
| 005 | 20160511152024.0 | ||
| 008 | 160511b xxu||||| |||| 00| 0 eng d | ||
| 040 |
_aMACL _cMACL |
||
| 041 | _aHindi | ||
| 082 | _a891.431 NAG | ||
| 100 |
_aनागदेव, राजेन्द्र _956146 |
||
| 245 |
_aपत्थर में बंद आदमी _cराजेन्द्र नागदेव |
||
| 260 |
_aनई दिल्ली _bराजसूर्य प्रकाशन _c2010 |
||
| 350 | _a150 | ||
| 650 |
_aकविता _9226 |
||
| 942 |
_cHIN _k891.431/NAG/P _2ddc |
||
| 999 |
_c48766 _d48766 |
||